000 00657 a2200181 4500
999 _c997
_d997
020 _a9780077126407
050 _aH62 DOI 2012
100 _aWagner, Claire
_eeditor
245 _aDoing social research :
_ba global context /
_cedited by Claire Wagner, Barbara B. Kawulich and Mark Garner
264 _aLondon :
_bMcGraw-Hill Higher Education,
_c2012
300 _axiii, 294p. :
_bill.
500 _aIncludes bibliographical references and index
650 _aSociology -- Research
_xMethodology
650 _aSocial sciences -- Research
_xMethodology
700 _aKawulich, Barbara B.
_eeditor
700 _aGarner, Mark
_eeditor
942 _2lcc
_cBK
_h62
_iDOI
_kH